Anatomy of the human body (Record no. 30750)
[ view plain ]
| 000 -LEADER | |
|---|---|
| fixed length control field | 00677nam a2200181 a 4500 |
| 008 - FIXED-LENGTH DATA ELEMENTS--GENERAL INFORMATION | |
| fixed length control field | 110901s1959 ||||||||||||||||| || u |
| 050 ## - LIBRARY OF CONGRESS CALL NUMBER | |
| Classification number | QM 23.2 Loc |
| 100 ## - MAIN ENTRY--PERSONAL NAME | |
| Personal name | Fyfe, F. W |
| 245 10 - TITLE STATEMENT | |
| Title | Anatomy of the human body |
| Statement of responsibility, etc. | by R. D. Lockhart; G. F. Hamilton; F. W. Fyfe |
| 260 ## - PUBLICATION, DISTRIBUTION, ETC. | |
| Place of publication, distribution, etc. | Philadelphia: |
| Name of publisher, distributor, etc. | J. B. Lippincott |
| Date of publication, distribution, etc. | 1959 |
| 300 ## - PHYSICAL DESCRIPTION | |
| Extent | ix, 705p.: ill. |
| 350 ## - | |
| -- | 0.00 |
| 650 #0 - SUBJECT ADDED ENTRY--TOPICAL TERM | |
| Topical term or geographic name entry element | HUMAN ANATOMY |
| 650 #3 - SUBJECT ADDED ENTRY--TOPICAL TERM | |
| Topical term or geographic name entry element | ANATOMY |
| 700 ## - ADDED ENTRY--PERSONAL NAME | |
| Personal name | Lockhart, R. D |
| 700 ## - ADDED ENTRY--PERSONAL NAME | |
| Personal name | Hamilton, G. F |
| 995 ## - | |
| -- | MICHAEL CHILUFYA SATA OPEN ACCESS |
| -- | 0.00 |
| -- | 900792 |
| -- | CBU-SCHOOL OF MEDICINE LIBRARY (Ndola) |
| -- | 1 |
| -- | 0.00 |
| -- | QM 23.2 Loc |
| -- | 1 |
| -- | AVAILABLE |
| -- | Oct 19, 2011 |
| -- | 900792 |
| -- | Medical Library Open Access Collection |
| 999 ## - | |
| -- | 30750 |
| -- | 30750 |
| Withdrawn status | Lost status | Source of classification or shelving scheme | Damaged status | Not for loan | Permanent Location | Current Location | Shelving location | Date acquired | Total Checkouts | Full call number | Barcode | Date last seen | Price effective from | Koha item type |
|---|---|---|---|---|---|---|---|---|---|---|---|---|---|---|
| CBU-SCHOOL OF MEDICINE LIBRARY, NDOLA. | CBU-SCHOOL OF MEDICINE LIBRARY, NDOLA. | 11/30/2022 | QM 23.2 Loc | 900792 | 11/30/2022 | 11/30/2022 | MONOGRAPH |